Cuaderno de obligaciones Nð 2 obligaciones de dar sumas de dinero /

Detalles Bibliográficos
Otros Autores: Vallespinos, Carlos Gustavo (Conductor)
Formato: eBook
Lenguaje:español
Publicado: Cr̤doba : Alveroni Ediciones, 2007.
Colección:Cuaderno de Obligaciones
Materias:
Acceso en línea:Acceso restringido

MARC

LEADER 00000nam a2200000 a 4500
005 20140128162039.0
007 cr cn|||||||||
008 130703s2007 ag s 000 0 spa d
020 |a 9789871145935 
035 |a 11743 
040 |a FlNmELB  |c FlNmELB  |d BUS  |d vLex 
080 |a 347.41 
082 0 4 |a 346.02  |2 23 
090 |c 4666  |d 4666 
245 0 0 |a Cuaderno de obligaciones Nð 2  |h [Recurso electrn̤ico] :  |b obligaciones de dar sumas de dinero /  |c director: Carlos Gustavo Vallespinos. 
256 |a Servicio en lƯ̕nea. 
260 |a Cr̤doba :  |b Alveroni Ediciones,  |c 2007. 
300 |a 357 p. 
490 0 |a Cuaderno de Obligaciones 
506 1 |a Contenido solo disponible en los productos indicados  |d vLex Global  |d vLex Global (Academic Edition, excluding Law Schools)  |d vLex Global (U.S. Academic Edition, Law Schools)  |d vLex Global (U.S. Academic Edition, excluding Law Schools)  |d vLex Global (Academic Edition, Law Schools) 
650 0 4 |a Obligaciones (Derecho)  |z Argentina 
700 1 |a Vallespinos, Carlos Gustavo,  |e dir. 
740 0 |a vLex Libros (Servicio en ln̕ea) 
856 4 0 |u http://vlex.com/source/cuaderno-obligaciones-n-2-obligaciones-dar-sumas-dinero-11743  |z Acceso restringido 
942 |c BOOK 
999 0 |a Obligations (Law)